000 00364nam a2200133Ia 4500
008 210210b1963 xxu||||| |||| 00| 0 eng d
082 _a320.454 CHEG
100 _aCHELUVA RAJU (K H).
245 _aGovernment of the union & the states in India.
260 _aMysore.
_bVinayak Publication.
_c1963
300 _a144
690 _aIndian Government
906 _a031384
999 _c82437
_d82437